Ötven év : esztrád műsor /
Uložené v:
| Ďalší autori: | |
|---|---|
| Médium: | Kniha |
| Jazyk: | Hungarian |
| Vydané: |
Bratislava :
Diliza,
1968.
|
| Vydanie: | 1. kiad. |
| ISBN: |
(brož.) |
| Fyzický popis: |
72 s. ; 20 cm. |
| Tagy: |
Pridať tag
Žiadne tagy, Buďte prvý kto otaguje tento záznam!
|
Titul je dostupný aj v ... 

MARC
| LEADER | 00000nam a2200000 a 4500 | ||
|---|---|---|---|
| 001 | 000198310 | ||
| 005 | 20100705155450.0 | ||
| 008 | 040101s1968 xo e hun d | ||
| 020 | |a (brož.) |c Kčs 15,00 | ||
| 040 | |a SVKKK |b slo |c SVKKK |e AACR2 | ||
| 041 | 0 | |a hun | |
| 044 | |a xo |c SK | ||
| 245 | 1 | 0 | |a Ötven év : |b esztrád műsor / |c [összeáll., bev. Péterfi Gyula]. |
| 250 | |a 1. kiad. | ||
| 260 | |a Bratislava : |b Diliza, |c 1968. | ||
| 300 | |a 72 s. ; |c 20 cm. | ||
| 700 | 1 | |a Péterfi, Gyula |4 com |4 aui | |
| 910 | |a svkkk | ||
| 998 | |a BK | ||
| 090 | |g SCKHL |k Sklad Pribinova 2. posch. |a II.168596 |j 407488 |i 198310-10 |s Absenčne | ||